Post office : (Record no. 9502)

MARC details
000 -LEADER
fixed length control field 01076nam a22002897a 4500
001 - CONTROL NUMBER
control field 9502
003 - CONTROL NUMBER IDENTIFIER
control field FISKH
005 - DATE AND TIME OF LATEST TRANSACTION
control field 20260115140418.0
008 - FIXED-LENGTH DATA ELEMENTS--GENERAL INFORMATION
fixed length control field 260115b cb ||||| |||| 00| 0 eng d
020 ## - INTERNATIONAL STANDARD BOOK NUMBER
International Standard Book Number 0863132286
040 ## - CATALOGING SOURCE
Original cataloging agency FISKH
Language of cataloging eng
Transcribing agency FISKH
Modifying agency FISKH
050 ## - LIBRARY OF CONGRESS CALL NUMBER
Classification number PZ7
082 ## - DEWEY DECIMAL CLASSIFICATION NUMBER
Classification number 380.9
100 ## - MAIN ENTRY--PERSONAL NAME
Personal name Langley, Andrew
Relator term Author
245 ## - TITLE STATEMENT
Title Post office :
Remainder of title Behind the scenes /
Statement of responsibility, etc. Text: Andrew Langley ; photography: Chris Fairclough
260 ## - PUBLICATION, DISTRIBUTION, ETC.
Place of publication, distribution, etc. London :
Name of publisher, distributor, etc. Franklin Watts ,
Date of publication, distribution, etc. 1985
300 ## - PHYSICAL DESCRIPTION
Extent 30 pages :
Other physical details photographs ;
Dimensions 22 cm
505 ## - FORMATTED CONTENTS NOTE
Formatted contents note R<br/>
520 ## - SUMMARY, ETC.
Summary, etc. A new series of books which give a guided tour around the private worlds of familiar places. The clear text and specially commissioned color photographs work to provide fascinating insights. Each book also contains cutaway artwork, facts and figures, a glossary and an index.
521 8# - TARGET AUDIENCE NOTE
Target audience note 700<br/>
Source Lexile estimate<br/>
521 8# - TARGET AUDIENCE NOTE
Target audience note R<br/>
Source Raz-Plus<br/>
650 ## - SUBJECT ADDED ENTRY--TOPICAL TERM
Topical term or geographic name entry element Customer
Form subdivision Mail
650 ## - SUBJECT ADDED ENTRY--TOPICAL TERM
Topical term or geographic name entry element Postcode
Form subdivision Sorting office
700 ## - ADDED ENTRY--PERSONAL NAME
Personal name Fairclough, Chris
Relator term Photographer
942 ## - ADDED ENTRY ELEMENTS (KOHA)
Source of classification or shelving scheme Dewey Decimal Classification
Koha item type Books
Suppress in OPAC No
Holdings
Withdrawn status Lost status Source of classification or shelving scheme Damaged status Not for loan Collection Home library Current library Shelving location Date acquired Total Checkouts Full call number Barcode Date last seen Copy number Price effective from Koha item type
    Dewey Decimal Classification     Non-Fiction Footprints International School Library Network Toul Tom Poung Campus Footprints International School Library Network Toul Tom Poung Campus TTP Primary Orange Bookshelves 01/15/2026   LAN 380.9 PZ7 2026-0052 01/15/2026 1 01/15/2026 Books